00550nam a2200181Ia 450000500170000000800410001702000150005808200130007324500560008626000360014230000190017865000100019765000180020770000270022594200060025295200950025899900150035320241111042509.0240331s9999 xx 000 0 und d a0920661971 bLUTa823 0aLutesong and lament :bTamil Writing from Sri Lanka aCanadabTSAR Publicationsc2001 aXvii, 171 p ., aPoems aShort Stories aKanaganayakam,C. eedt cL 001040708LaWERCLbWERCLcSSCd2024-03-31l0o 823 LUTp4587r2024-03-31w2024-03-31yL c3383d3383